000 00557nam a2200217 a 4500
999 _c4920
_d4920
001 4920
003 BD-JhCC
005 20171205171320.0
008 171205s1954 I |||| ||a| 000 0 eng d
035 _a(BD-JhCC) 4920
040 _aBD-JhCC
_dBD-JhCC
041 _aeng
082 _a428
_bHOR 1954
100 _aHORNBY. A.S
245 _aA Guide to Patterns and. Usage in English /
_cA.S HORNBY
260 _aIndia :
_bOxford University Press ,
_c1954
300 _a261 p .:
_c17 cm .
650 _aEnglish Language
942 _2ddc
_cBK